[Event "Oruro Baptista Memorial"]
[Site "Oruro"]
[Date "2023.11.04"]
[Round "7"]
[White "Torrez Aillon, Javier"]
[Black "Claure Verastegui, Rene David"]
[Result "0-1"]
[WhiteElo "1478"]
[BlackElo "1925"]
[PlyCount "50"]
[EventDate "2023.11.01"]
[EventType "swiss"]
[EventRounds "9"]
[EventCountry "BOL"]
[SourceTitle "Mega2024 Update 01"]
[Source "Chessbase"]
[SourceDate "2023.11.12"]
[SourceVersion "1"]
[SourceVersionDate "2023.11.12"]
[SourceQuality "1"]

1. d4 Nf6 2. c4 b6 3. Nc3 Bb7 4. Qc2 e6 5. e4 Bb4 6. Bd3 Bxc3+ 7. bxc3 d6 8. Nf3 Nbd7 9. 0-0 e5 10. Bg5 0-0 11. h3 Re8 12. Rae1 Nf8 13. d5 N8d7 14. Nh2 h6 15. Bh4 g5 16. Bg3 Nc5 17. h4 Nxd3 18. Qxd3 Kg7 19. Nf3 Nh5 20. hxg5 hxg5 21. Nd2 Rh8 22. Qf3 Qe7 23. Re3 Rh6 24. Rfe1 Rah8 25. Qe2 Nf4 0-1

[Event "La Paz GP op 3rd"]
[Site "La Paz"]
[Date "2023.08.18"]
[Round "3"]
[White "Claure Verastegui, Rene David"]
[Black "Lilienfeld Quevedo, Daniel"]
[Result "1-0"]
[WhiteElo "1874"]
[BlackElo "1605"]
[PlyCount "29"]
[EventDate "2023.08.17"]
[EventType "swiss"]
[EventRounds "7"]
[EventCountry "BOL"]
[SourceTitle "EXT 2024"]
[Source "ChessBase"]
[SourceDate "2023.10.10"]
[SourceVersion "1"]
[SourceVersionDate "2023.10.10"]
[SourceQuality "1"]

1. e4 c5 2. Nf3 g6 3. c3 d5 4. exd5 Qxd5 5. d4 Nf6 6. Be2 e6 7. 0-0 Nc6 8. Re1 Be7 9. Be3 cxd4 10. cxd4 0-0 11. Nc3 Qd6 12. Bd3 Nb4 13. Bb1 Nbd5 14. Bd2 b6 15. Nxd5 1-0

[Event "La Paz GP op 3rd"]
[Site "La Paz"]
[Date "2023.08.17"]
[Round "1"]
[White "Claure Verastegui, Rene David"]
[Black "Arteaga Herbas, Thiago Andre"]
[Result "1-0"]
[WhiteElo "1874"]
[BlackElo "1236"]
[PlyCount "66"]
[EventDate "2023.08.17"]
[EventType "swiss"]
[EventRounds "7"]
[EventCountry "BOL"]
[SourceTitle "EXT 2024"]
[Source "ChessBase"]
[SourceDate "2023.10.10"]
[SourceVersion "1"]
[SourceVersionDate "2023.10.10"]
[SourceQuality "1"]

1. e4 e5 2. Nf3 Nc6 3. c3 Nf6 4. d3 Be7 5. Be2 0-0 6. 0-0 d5 7. Nbd2 Be6 8. exd5 Nxd5 9. Nc4 Bd6 10. Re1 b5 11. Nxd6 cxd6 12. Bf1 Re8 13. d4 exd4 14. Bxb5 Qc7 15. Bxc6 Qxc6 16. Nxd4 Qd7 17. Nxe6 fxe6 18. c4 Nb6 19. b3 Rac8 20. Bb2 Rb8 21. Qd2 Rf8 22. Ba3 Rfe8 23. Rad1 d5 24. Bb2 dxc4 25. Qg5 h6 26. Rxd7 hxg5 27. Rxg7+ Kf8 28. Rxa7 cxb3 29. axb3 Nc8 30. Rh7 Rxb3 31. Rh8+ Ke7 32. Bf6+ Kxf6 33. Rxe8 Ne7 1-0

[Event "Cochabamba op 6th"]
[Site "Cochabamba"]
[Date "2023.03.04"]
[Round "5"]
[White "Claure Verastegui, Rene David"]
[Black "Rosas Navarro, Bruno Shahid"]
[Result "1-0"]
[WhiteElo "1841"]
[BlackElo "1414"]
[PlyCount "61"]
[EventDate "2023.03.02"]
[EventType "swiss"]
[EventRounds "7"]
[EventCountry "BOL"]
[SourceTitle "CBM 213 Extra"]
[Source "ChessBase"]
[SourceDate "2023.05.31"]
[SourceVersion "1"]
[SourceVersionDate "2023.05.31"]
[SourceQuality "1"]

1. b3 d5 2. Bb2 Bf5 3. e3 e6 4. f4 Nd7 5. Nf3 Ngf6 6. d3 h6 7. Nbd2 Be7 8. g3 Rg8 9. Qe2 Nh7 10. e4 dxe4 11. dxe4 Bg4 12. h3 Bxf3 13. Nxf3 c6 14. Bg2 Qa5+ 15. Qd2 Qxd2+ 16. Nxd2 0-0-0 17. 0-0-0 g5 18. Bf3 gxf4 19. gxf4 Nb6 20. Bh5 Rdf8 21. Rhg1 Rxg1 22. Rxg1 Bf6 23. Ba3 Rd8 24. Bxf7 e5 25. Bg8 Nf8 26. Nf3 exf4 27. e5 Bh8 28. c4 Re8 29. Bf7 Rxe5 30. Nxe5 Bxe5 31. Bxf8 1-0

[Event "Cochabamba op 6th"]
[Site "Cochabamba"]
[Date "2023.03.02"]
[Round "1"]
[White "Claure Verastegui, Rene David"]
[Black "Montevilla Cahuasa, Sebastian"]
[Result "1-0"]
[WhiteElo "1841"]
[BlackElo "1261"]
[PlyCount "67"]
[EventDate "2023.03.02"]
[EventType "swiss"]
[EventRounds "7"]
[EventCountry "BOL"]
[SourceTitle "CBM 213 Extra"]
[Source "ChessBase"]
[SourceDate "2023.05.31"]
[SourceVersion "1"]
[SourceVersionDate "2023.05.31"]
[SourceQuality "1"]

1. b3 c5 2. Bb2 d5 3. e3 Nc6 4. f4 e6 5. Nf3 Nf6 6. Bb5 a6 7. Bxc6+ bxc6 8. 0-0 Bd6 9. d3 Qb6 10. Qe2 0-0 11. Nbd2 c4 12. dxc4 Bxf4 13. Bd4 c5 14. Bxf6 Bxe3+ 15. Qxe3 gxf6 16. Nh4 e5 17. cxd5 Kh8 18. Ne4 f5 19. Nxf5 Rg8 20. Nh6 Rg6 21. Nxf7+ Kg8 22. Nxe5 Rg7 23. Nf6+ Qxf6 24. Rxf6 Bb7 25. Raf1 Bxd5 26. g3 Re8 27. Qxc5 h6 28. Qxd5+ Kh7 29. Rf7 Re7 30. Qe4+ Kh8 31. Rf8+ Rg8 32. Qg6 Reg7 33. Nf7+ Rxf7 34. Qxg8# 1-0

[Event "Cochabamba op 6th"]
[Site "Cochabamba"]
[Date "2023.03.02"]
[Round "2"]
[White "Moscoso Paz, Esther Angela"]
[Black "Claure Verastegui, Rene David"]
[Result "0-1"]
[WhiteElo "1403"]
[BlackElo "1841"]
[PlyCount "108"]
[EventDate "2023.03.02"]
[EventType "swiss"]
[EventRounds "7"]
[EventCountry "BOL"]
[SourceTitle "CBM 213 Extra"]
[Source "ChessBase"]
[SourceDate "2023.05.31"]
[SourceVersion "1"]
[SourceVersionDate "2023.05.31"]
[SourceQuality "1"]

1. e4 e6 2. d4 d5 3. e5 c5 4. c3 Ne7 5. Nf3 Nec6 6. Bd3 Qb6 7. 0-0 Nd7 8. dxc5 Bxc5 9. Qe2 h6 10. Nbd2 0-0 11. Nb3 Be7 12. Bf4 a5 13. Nbd4 Re8 14. Nb5 Qd8 15. Nfd4 a4 16. Qh5 Nf8 17. Nd6 Bxd6 18. exd6 Qf6 19. Be3 Nxd4 20. Bxd4 e5 21. Rfe1 Nd7 22. f4 Qxf4 23. Rf1 Nf6 24. Qe2 Qg4 25. Qxg4 Bxg4 26. Bc5 Bd7 27. h3 Bc6 28. b4 Rac8 29. Bf5 Bd7 30. Rad1 Bxf5 31. Rxf5 Rc6 32. g4 b6 33. d7 Nxd7 34. Rxd5 Nxc5 35. bxc5 Rxc5 36. Rxc5 bxc5 37. c4 f6 38. Rf2 Rd8 39. Kg2 Rd4 40. Rc2 Kf7 41. Kf2 Ke6 42. Ke3 e4 43. Rc3 Rd3+ 44. Rxd3 exd3 45. Kxd3 Ke5 46. Ke3 f5 47. gxf5 Kxf5 48. Kf3 Ke5 49. Ke3 g5 50. a3 h5 51. Kf3 Kd4 52. Kg3 Kxc4 53. h4 gxh4+ 54. Kxh4 Kb3 0-1

[Event "Pan American-ch U14"]
[Site "Montevideo"]
[Date "2022.06.27"]
[Round "3"]
[White "Claure Verastegui, Rene David"]
[Black "Zacarias Rodriguez, Santiago"]
[Result "0-1"]
[WhiteElo "1586"]
[BlackElo "2069"]
[PlyCount "118"]
[EventDate "2022.06.26"]
[EventType "swiss"]
[EventRounds "9"]
[EventCountry "URU"]
[SourceTitle "EXT 2023"]
[Source "ChessBase"]
[SourceDate "2022.10.05"]
[SourceVersion "1"]
[SourceVersionDate "2022.10.05"]
[SourceQuality "1"]

1. e4 c5 2. Nf3 Nc6 3. Bb5 g6 4. Bxc6 dxc6 5. h3 Bg7 6. d3 Nf6 7. Nc3 Nd7 8. Be3 e5 9. Qd2 h6 10. 0-0 b6 11. Nh2 Nf8 12. f4 exf4 13. Bxf4 Ne6 14. Bg3 Qg5 15. Qe1 Nd4 16. Qf2 0-0 17. Bd6 Bxh3 18. Bxf8 Rxf8 19. e5 Bxe5 20. Ne4 Bxh2+ 21. Kxh2 Qxg2+ 22. Qxg2 Bxg2 23. Kxg2 Nxc2 24. Rae1 Nxe1+ 25. Rxe1 Rd8 26. Nf2 Kf8 27. Re3 h5 28. Ne4 Kg7 29. Kf3 f6 30. Nf2 Kf7 31. Re4 g5 32. Rc4 a5 33. Ke3 f5 34. a4 f4+ 35. Kf3 Kf6 36. Re4 Kf5 37. Re7 g4+ 38. Kg2 Kg5 39. Re5+ Kh4 40. Re4 f3+ 41. Kh2 Kg5 42. Re5+ Kf4 43. Re4+ Kf5 44. Kg3 Rd5 45. b3 Kg5 46. Kh2 Rd4 47. Re8 Rb4 48. Ne4+ Kh4 49. Nd2 Rd4 50. Re3 Kg5 51. Kg3 h4+ 52. Kf2 Kf4 53. Re8 g3+ 54. Kg1 Rxd3 55. Rf8+ Kg4 56. Rg8+ Kh3 57. Rf8 f2+ 58. Kf1 Rxd2 59. b4 g2# 0-1

[Event "South America-ch U12 17th"]
[Site "Guayaquil"]
[Date "2022.01.28"]
[Round "5"]
[White "Claure Verastegui, Rene David"]
[Black "Ubilluz Pena, Jaiden Andres"]
[Result "1-0"]
[WhiteElo "1483"]
[BlackElo "1498"]
[PlyCount "47"]
[EventDate "2022.01.25"]
[EventType "swiss"]
[EventRounds "9"]
[EventCountry "ECU"]
[SourceTitle "CBM 206 Extra"]
[Source "ChessBase"]
[SourceDate "2022.03.31"]
[SourceVersion "1"]
[SourceVersionDate "2022.03.31"]
[SourceQuality "1"]

1. e4 c5 2. Nf3 Nc6 3. d4 cxd4 4. Nxd4 g6 5. Nc3 Bg7 6. Be3 Nf6 7. Bc4 0-0 8. Bb3 e6 9. f4 d5 10. e5 Nd7 11. Qe2 Nxd4 12. Bxd4 f6 13. 0-0 fxe5 14. fxe5 Rxf1+ 15. Rxf1 b6 16. Nxd5 Nf8 17. Qf3 exd5 18. Qf7+ Kh8 19. Rf6 h6 20. c3 Bxf6 21. exf6 Ne6 22. Qxg6 Bd7 23. f7+ Nxd4 24. Qxh6# 1-0

[Event "Pan American-ch Hybrid U12 31st"]
[Site "Tornelo INT"]
[Date "2021.09.04"]
[Round "9"]
[White "Claure Verastegui, Rene David"]
[Black "Alfaro Zambrano, Luis Fabricio"]
[Result "0-1"]
[WhiteElo "1402"]
[BlackElo "1308"]
[PlyCount "92"]
[EventDate "2021.09.04"]
[EventType "swiss"]
[EventRounds "9"]
[EventCountry "NET"]
[SourceTitle "EXT 2023"]
[Source "ChessBase"]
[SourceDate "2022.10.05"]
[SourceVersion "1"]
[SourceVersionDate "2022.10.05"]
[SourceQuality "1"]

1. e4 c5 2. g3 Nc6 3. Bg2 g6 4. Ne2 Bg7 5. 0-0 d6 6. c3 e5 7. d3 Nge7 8. Be3 h5 9. d4 exd4 10. cxd4 b6 11. e5 0-0 12. exd6 Qxd6 13. Nbc3 Bg4 14. f3 Bf5 15. dxc5 Qe5 16. Bf2 Rfd8 17. Qa4 bxc5 18. f4 Qd6 19. Rfd1 Bd3 20. Nc1 c4 21. Nxd3 cxd3 22. Kh1 Rab8 23. Rab1 Rb4 24. Qa6 f5 25. a3 Rbb8 26. Qc4+ Kh7 27. Bc5 Qd7 28. Rd2 Na5 29. Qf7 Nb3 30. Bxe7 Nxd2 31. Rd1 Re8 32. Nd5 Rb6 33. Rxd2 Re6 34. Rxd3 R8xe7 35. Nxe7 Qxd3 36. h3 Rf6 37. Qg8+ Kh6 38. Qe8 Rd6 39. Kh2 Qd2 40. b4 h4 41. Nc6 hxg3+ 42. Kxg3 Rd3+ 43. Bf3 Qd1 44. Qe7 Qxf3+ 45. Kh2 Rd2+ 46. Kg1 Qg2# 0-1

[Event "American World Cup Q Prelim"]
[Site "Tornelo INT"]
[Date "2021.05.09"]
[Round "6"]
[White "Amigo Quintana, Antu"]
[Black "Claure Verastegui, Rene David"]
[Result "1-0"]
[WhiteElo "1788"]
[BlackElo "1402"]
[PlyCount "83"]
[EventDate "2021.05.08"]
[EventType "swiss (rapid)"]
[EventRounds "9"]
[EventCountry "USA"]
[SourceTitle "CBM 202 Extra"]
[Source "ChessBase"]
[SourceDate "2021.07.31"]
[SourceVersion "1"]
[SourceVersionDate "2021.07.31"]
[SourceQuality "1"]

1. d4 c5 2. d5 e5 3. Nc3 d6 4. e4 g6 5. Nf3 Bg7 6. Be2 Ne7 7. 0-0 f5 8. Nd2 0-0 9. Nc4 a6 10. a4 Qc7 11. f3 Nd7 12. Bg5 Nf6 13. Qd2 b6 14. Rfe1 Bb7 15. Bf1 Rad8 16. Be3 f4 17. Bf2 g5 18. Ra3 h5 19. Rb3 Nc8 20. Nd1 Kf7 21. Qe2 g4 22. Bh4 Rg8 23. Nf2 g3 24. Nh3 gxh2+ 25. Kxh2 Bh6 26. Qf2 Ng4+ 27. fxg4 hxg4 28. Nxf4 exf4 29. g3 Rh8 30. Ne3 Kg8 31. Nxg4 Rf8 32. Nf6+ Kg7 33. gxf4 Rxf6 34. Bxf6+ Kxf6 35. e5+ Kf7 36. e6+ Ke7 37. Qh4+ Ke8 38. Qh5+ Ke7 39. Qf7+ Kd8 40. Qf6+ Qe7 41. Qxh8+ Kc7 42. Qxh6 1-0

[Event "American World Cup Q Prelim"]
[Site "Tornelo INT"]
[Date "2021.05.08"]
[Round "1"]
[White "Claure Verastegui, Rene David"]
[Black "Villegas, Franco"]
[Result "0-1"]
[WhiteElo "1402"]
[BlackElo "2210"]
[PlyCount "66"]
[EventDate "2021.05.08"]
[EventType "swiss (rapid)"]
[EventRounds "9"]
[EventCountry "USA"]
[SourceTitle "CBM 202 Extra"]
[Source "ChessBase"]
[SourceDate "2021.07.31"]
[SourceVersion "1"]
[SourceVersionDate "2021.07.31"]
[SourceQuality "1"]

1. e4 c5 2. g3 Nc6 3. Bg2 g6 4. Ne2 Bg7 5. 0-0 d6 6. c3 e5 7. f4 Nge7 8. d3 0-0 9. Be3 Rb8 10. fxe5 Nxe5 11. Na3 b5 12. d4 Ng4 13. Nc2 b4 14. Qd2 bxc3 15. bxc3 Rb2 16. Rfb1 Rxc2 17. Qxc2 Nxe3 18. Qd3 Nxg2 19. Kxg2 cxd4 20. cxd4 d5 21. e5 Bf5 22. Qa3 Bxb1 23. Rxb1 Nf5 24. Rb7 Qc8 25. Qb2 f6 26. Qb3 fxe5 27. Qxd5+ Kh8 28. Qb3 Ne3+ 29. Qxe3 Qxb7+ 30. Kg1 Qb1+ 31. Nc1 exd4 32. Qd2 d3 33. Kg2 Qc2 0-1